| 000 | 00572nam a2200145Ia 4500 | ||
|---|---|---|---|
| 008 | 170221s9999 xx 000 0 und d | ||
| 100 | _aBadariah Haji Din | ||
| 245 | _aDoes The Entrepreneurship Education Matters in Enhancing Entrepreneurial Skill Among Students in Malaysian Public Universities? | ||
| 245 | _cBadariah Haji Din, Abdul Rahim Anuar, Mariana Usman | ||
| 260 | _bInternational Review of Management and Marketing | ||
| 260 | _cFebruary 2015 | ||
| 300 | _a4:1 | ||
| 650 | _xMarketing. | ||
| 856 | _uhttp://www.econjournals.com/index.php/irmm/issue/view/91 | ||
| 999 |
_c310099 _d310099 |
||